John Billington, friend of Squanto /

A young Pilgrim boy is always causing trouble for Plymouth Colony until one day his mischief results in more friendly relations with the Indians.

Bibliographic Details
Main Author: Bulla, Clyde Robert
Other Authors: Burchard, Peter
Format: Book
Language:English
Published: New York : Crowell, [1956]
Subjects:

MARC

Tag First Indicator Second Indicator Subfields
LEADER 00000cam a22000001 4500
001 in00000494621
005 20151013054520.0
008 710614s1956 nyu j 00001 eng
010 |a ac 68001732  
035 |a (OCoLC)00470583 
035 |9 ACC2770AM 
040 |a DLC  |c DLC  |d TXA  |d UtOrBLW 
049 |a TXAM  |c [1414395] 
050 0 0 |a PZ7.B912  |b Jn 
082 0 |a [Fic] 
100 1 |a Bulla, Clyde Robert. 
245 1 0 |a John Billington, friend of Squanto /  |c Illustrated by Peter Burchard. 
264 1 |a New York :  |b Crowell,  |c [1956] 
300 |a 88 pages ;  |c 21 cm. 
336 |a text  |b txt  |2 rdacontent 
337 |a unmediated  |b n  |2 rdamedia 
338 |a volume  |b nc  |2 rdacarrier 
520 |a A young Pilgrim boy is always causing trouble for Plymouth Colony until one day his mischief results in more friendly relations with the Indians. 
600 1 0 |a Billington, John,  |d approximately 1580-1630  |x Fiction. 
600 0 0 |a Squanto  |x Fiction. 
650 0 |a Pilgrims (New Plymouth Colony)  |v Fiction. 
700 1 |a Burchard, Peter. 
999 |a MARS 
999 f f |s 8db95537-6eb5-3275-bf6c-68e17f564d29  |i 7ce99fb1-e79f-3423-823f-cc40d6b5d53e  |t 0 
952 f f |p ric  |a Texas A&M University  |b Rellis Campus  |c Joint Library Facility  |s JLF  |d Remote Storage  |t 0  |e PZ7.B912 Jn  |h Library of Congress classification  |i unmediated -- volume  |m A14804345116 
998 f f |a PZ7.B912 Jn  |t 0  |l Remote Storage